Statistics for Wordle Words -ER--

Click here to take the quiz!

General Stats

  • This quiz has been taken 19 times
  • The average score is 10 of 26

Answer Stats

-ER--% Correct
serve
76%
ferry
71%
verse
71%
merry
65%
terse
65%
berry
59%
eerie
59%
nerve
53%
jerky
47%
derby
41%
merge
41%
beret
35%
berth
35%
heron
35%
perky
35%
verve
35%
peril
29%
feral
24%
nerdy
24%
perch
24%
rerun
24%
verge
24%
mercy
18%
merit
18%
serum
18%
serif
6%

Score Distribution

Percentile by Number Answered

Percent of People with Each Score

Your Score History

You have not taken this quiz